000 00684nam a22002057a 4500
003 LK-CoMWRAF
005 20240229112254.0
008 240226b1997 |||||||| |||| 00| 0 eng d
040 _aLK-CoMWRAF
_dLK-CoMWRAF
_eLK-CoMWRAF
041 _aeng
082 _a346.04
_bMUG
100 _aMughniyya, Muhammad Jawad
245 _aInheritance according to the five rules of Islamic Law:
_bVol. VII
260 _aTehran:
_b Department of Translation and Publication, Islamic Culture and Relations Organization,
_c1997
300 _a112 p.
500 _aA photocopy
650 _aINHERITANCE-Islamic law
856 _uhttps://www.al-islam.org/printpdf/book/export/html/43447
942 _cBK
999 _c4819
_d4819